| 000 | 00457 a2200157 4500 | ||
|---|---|---|---|
| 001 | 60121 | ||
| 082 | _a958.1 DUP | ||
| 090 |
_c36932 _d36932 |
||
| 100 | _aDupree, Louis | ||
| 245 |
_aAfghanistan _cLouis Dupree |
||
| 250 | _a1 | ||
| 260 |
_aNew Jersy _bPrinceton University Press _c1980 |
||
| 300 | _axxiv, 778 p | ||
| 520 | _aamir abdur rehman khan, king amanullah, king nadir khan | ||
| 600 | _aamir abdur rehman khan, king amanullah, king nadir khan | ||
| 942 |
_aCAE NUST _k958.1 DUP |
||
| 999 |
_c295194 _d295194 |
||